000 00282nam a22001337a 4500
008 180928b xxu||||| |||| 00| 0 eng d
020 _a9780618370405
041 _aeng
080 _a941
100 _a17
101 _aHIS
245 _aThe Human Record
_cAndrea
942 _2udc
_cBK
999 _c48664
_d48664